000 00327cam a22001337a 4500
008 180718b1957 xxu||||| |||| 00| 0 eng d
082 _aA7x62 H88
100 _aHarris,George L.
245 _aEGYPT
260 _aNew Heaven
_bHuman Relations Area
_c1957
300 _a370p.
440 _aCountry survey series
650 _aEgypt
999 _c413971
_d413971